00553nam a2200133 i 4500001000300000100003000003245018600033260002100219700002400240040000800264041000800272008004100280856009800321bg1 aOŚWIĘCIMSKI, Wiesław 0aWpływ kąta obrotu próbki oraz powłok z tworzyw sztucznych na wytrzymałość zmęczeniową stali 40 przy udarowym zginaniu /cWiesław Oświęcinski, Tadeusz Porębski. aWrocław,c1973.1 aPORĘBSKI, Tadeusz cBPK apol s pl f |000 0 pol  uhttp://koha.tu.koszalin.pl/cgi-bin/koha/opac-detail.pl?biblionumber=26047yKatalog online BPK